01995nam a2200409 i 450000100060000000300090000600500170001500800410003201700500007302000150012304000130013808000260015108000280017711101160020524502450032126000820056630000620064849000100071050000240072050400340074461000570077865000500083565000500088565000500093565000540098570000430103970000310108270000440111371000330115783000180119085200600120885200730126885200610134194200180140299900170142095201480143710261ES-MaACL20240209063103.0950404s1995 sp a |||| | spa d aM 4972-1995 bOficina Depósito Legal Madrid a848711153X cES-MaACL a91.04(7/8+914)"17/18" a5:91.04(7/8+914)"17/18"2 aJornadas sobre España y las Expediciones Científicas en América y Filipinasn(2ª. d1993. cMadrid)986610aDe la ciencia ilustrada a la ciencia romántica : bactas de las II Jornadas sobre "España y las Expediciones Científicas en América y Filipinas" / cAlejandro R. Diez Torre, Tomás Mallo y Daniel Pacheco Fernández (coordinadores) aAranjuez (Madrid) : bDoce Calles ; a[Madrid] : bAteneo de Madrid, c[1995] a642 páginas : bilustraciones (blanco y negro) ;c24 cm1 aActas aÍndice de autores aReferencias bibliográficas 24aAteneo de Madrid-vConferencias-y1983-1999.9168596 4aExpediciones científicas-zAmérica912688 4aExpediciones científicas-zFilipinas912689 7aExpediciones científicas-zEspaña9154502 4aCiencia-zEspaña-vCongresos y asambleas9109421 aDíez Torre, Alejandro R.944776epbl1 aMallo, Tomás975818epbl1 aPacheco Fernández, Daniel988132epbl2 aAteneo de Madrid.91875eedt1 aActas91783804 aES-MaACLjL-17796cDEPO2hDonación: Editorial 9105464 aES-MaACLjL-17797 cDEPO2hDonación: Editorial zDuplicado9105474 aES-MaACLjN-8219/Ej. 2 cDEPOJzX-31zTriplicado910545 cMONOGRAFIAn0 c10261d10261 00102udc40708Fondo_Ateneo_de_MadridaATENEOMbATENEOMcDEPO2d2008-01-17eDONACIONj1l0oL-17796p1010470r2023-02-23 00:00:00yMONOGRAFIA